[Event "Copenhagen Chess Challenge 2011"]
[Site "Ballerup"]
[Date "2011.05.22"]
[Round "9"]
[White "Halamus, Agata"]
[Black "Schmidt, Tommy B"]
[Result "1/2-1/2"]
[WhiteElo "2047"]
[BlackElo "2143"]
[PlyCount "95"]
[EventDate "2011.??.??"]
[EventType "swiss"]
[EventRounds "9"]
[EventCountry "DEN"]

1. e4 c5 2. Nf3 e6 3. d4 cxd4 4. Nxd4 a6 5. Be3 Qc7 6. c4 Nf6 7. Nd2 b6 8. Bd3
Bb7 9. h3 d6 10. Qc2 Nbd7 11. Be2 Be7 12. f4 O-O 13. O-O Rac8 14. Rac1 Qb8 15.
Qb1 Rfe8 16. Bf3 Bf8 17. Ne2 b5 18. g4 Nc5 19. b4 Na4 20. cxb5 axb5 21. Qd3 Ba8
22. Nd4 e5 23. Nxb5 Nb2 24. Qe2 Nc4 25. Rxc4 Qxb5 26. Rfc1 Rcd8 27. fxe5 Qxe5
28. Bd4 Qe6 29. Bb6 Rb8 30. Bc7 Rbc8 31. Qd3 d5 32. exd5 Nxd5 33. Re4 Rxc7 34.
Rxc7 Qb6+ 35. Kf1 Nxc7 36. Rxe8 Nxe8 37. Bxa8 Qxb4 38. Bd5 Qf4+ 39. Ke2 Nf6 40.
Bb3 h5 41. gxh5 Qe5+ 42. Kd1 Qxh5+ 43. Qf3 Qe5 44. Qb7 Qh5+ 45. Kc2 Qf5+ 46.
Kd1 Nd7 47. Qd5 Qxd5 48. Bxd5 1/2-1/2

[Event "Copenhagen Chess Challenge 2011"]
[Site "Ballerup"]
[Date "2011.05.22"]
[Round "9"]
[White "Kvisvik, Brede"]
[Black "Grau, Peter"]
[Result "1-0"]
[WhiteElo "2175"]
[BlackElo "2101"]
[PlyCount "87"]
[EventDate "2011.??.??"]
[EventType "swiss"]
[EventRounds "9"]
[EventCountry "DEN"]

1. e4 e5 2. Nf3 Nc6 3. Bc4 Be7 4. c3 Nf6 5. d3 d6 6. a4 h6 7. Nbd2 a6 8. a5 O-O
9. Nf1 d5 10. exd5 Nxd5 11. Qb3 Nf4 12. Bxf4 exf4 13. N1d2 Qd7 14. O-O Qf5 15.
Rfe1 Bd6 16. Ne4 Qg6 17. Nxd6 cxd6 18. Kh1 Bg4 19. Qxb7 Bxf3 20. gxf3 Ne5 21.
Qe4 Qf6 22. Bd5 Rab8 23. d4 Ng6 24. b4 Rfc8 25. Rac1 Rb5 26. Bb7 Rb8 27. Bxa6
Rh5 28. Rg1 d5 29. Qe2 Rh3 30. Qf1 Qh4 31. Qg2 Qh5 32. Bf1 Rh4 33. a6 Kf8 34.
b5 Ne7 35. b6 Nc6 36. a7 Ra8 37. Bb5 Rxh2+ 38. Qxh2 Qxf3+ 39. Rg2 Na5 40. Qh4
h5 41. Qg5 g6 42. Qf6 Kg8 43. Kh2 Qe4 44. Rcg1 1-0

[Event "Copenhagen Chess Challenge 2011"]
[Site "Ballerup"]
[Date "2011.05.22"]
[Round "9"]
[White "Poulsen, Iver"]
[Black "Brondt, Nicolai Kvist"]
[Result "1-0"]
[WhiteElo "2100"]
[BlackElo "2151"]
[PlyCount "89"]
[EventDate "2011.??.??"]
[EventType "swiss"]
[EventRounds "9"]
[EventCountry "DEN"]

1. e4 c6 2. c4 d5 3. exd5 cxd5 4. cxd5 Nf6 5. Nc3 Nxd5 6. Nf3 Nc6 7. Bb5 e6 8.
O-O Be7 9. d4 O-O 10. Re1 Nf6 11. Bg5 Nb4 12. Ba4 b6 13. a3 Nbd5 14. Ne5 Bb7
15. Bxf6 Nxf6 16. Bc6 Qc8 17. Qf3 Bxc6 18. Nxc6 Bd6 19. d5 Kh8 20. Rac1 exd5
21. Nxd5 Nxd5 22. Qxd5 Qc7 23. Ne5 Bxe5 24. Rxc7 Bxc7 25. g3 Rac8 26. Re7 Kg8
27. Rd7 Rcd8 28. b4 g6 29. a4 Kg7 30. Qc6 Bb8 31. Qc3+ Kg8 32. Qd4 Be5 33. Qd5
Rxd7 34. Qxd7 a5 35. b5 Rb8 36. Kg2 g5 37. f4 gxf4 38. gxf4 Bb2 39. Qc7 Re8 40.
Qxb6 Re2+ 41. Kg3 Bc3 42. Qd8+ Kg7 43. Qd3 Re6 44. Qxc3+ Kg6 45. Qd3+ 1-0

[Event "Copenhagen Chess Challenge 2011"]
[Site "Ballerup"]
[Date "2011.05.22"]
[Round "9"]
[White "Eriksson, Christian Altenburg"]
[Black "Skovgaard, Ib"]
[Result "1/2-1/2"]
[WhiteElo "2139"]
[BlackElo "2012"]
[PlyCount "85"]
[EventDate "2011.??.??"]
[EventType "swiss"]
[EventRounds "9"]
[EventCountry "DEN"]

1. e4 Nf6 2. e5 Nd5 3. c4 Nb6 4. c5 Nd5 5. Bc4 e6 6. d4 d6 7. cxd6 cxd6 8. Nf3
Nc6 9. Qe2 dxe5 10. dxe5 Bb4+ 11. Bd2 O-O 12. O-O Bxd2 13. Nbxd2 a6 14. Qe4 f5
15. exf6 Nxf6 16. Bxe6+ Kh8 17. Qf5 Nd4 18. Nxd4 Qxd4 19. Nf3 Qxb2 20. Rab1
Qxa2 21. Bxc8 Raxc8 22. Rxb7 Qd5 23. Qb1 Rfe8 24. Rd1 Qc5 25. h3 Re2 26. Rf1
Ne4 27. Rb8 Rc2 28. Qb7 Rxb8 29. Qxb8+ Qc8 30. Qf4 Nc3 31. Kh1 Nd5 32. Qe5 Rc1
33. Re1 Rxe1+ 34. Nxe1 Nf6 35. Nf3 h6 36. Nh4 Qe8 37. Qf5 Kg8 38. Nf3 Qd7 39.
Qf4 a5 40. Qb8+ Qe8 41. Qb3+ Qf7 42. Qb8+ Qe8 43. Qb3+ 1/2-1/2

[Event "Copenhagen Chess Challenge 2011"]
[Site "Ballerup"]
[Date "2011.05.22"]
[Round "9"]
[White "Andersen, Rune Egede"]
[Black "Andersen, Lars Christoff"]
[Result "1-0"]
[WhiteElo "2063"]
[BlackElo "2138"]
[PlyCount "49"]
[EventDate "2011.??.??"]
[EventType "swiss"]
[EventRounds "9"]
[EventCountry "DEN"]

1. e4 e6 2. d4 d5 3. e5 c5 4. c3 Qa5 5. a3 Nc6 6. Nf3 Bd7 7. Be2 Nxd4 8. Nxd4
cxd4 9. Qxd4 Ne7 10. O-O Nc6 11. Qe3 Bc5 12. Qg3 Qc7 13. b4 Be7 14. f4 g6 15.
a4 f6 16. Na3 fxe5 17. Nb5 Qb6+ 18. Be3 d4 19. a5 Qd8 20. cxd4 a6 21. d5 axb5
22. dxc6 Bxc6 23. Rad1 Qc7 24. Bb6 exf4 25. Qc3 1-0

[Event "Copenhagen Chess Challenge 2011"]
[Site "Ballerup"]
[Date "2011.05.22"]
[Round "9"]
[White "Vesterli, Michael E"]
[Black "Andersen, Morten"]
[Result "0-1"]
[WhiteElo "1959"]
[BlackElo "2181"]
[PlyCount "76"]
[EventDate "2011.??.??"]
[EventType "swiss"]
[EventRounds "9"]
[EventCountry "DEN"]

1. d4 d5 2. c4 Nc6 3. Nf3 Bg4 4. e3 e6 5. Be2 Qd7 6. O-O O-O-O 7. Qa4 Kb8 8.
Nc3 Bb4 9. cxd5 exd5 10. Ne5 Nxe5 11. Qxb4 Bxe2 12. Nxe2 Nc6 13. Qa4 g5 14. Nc3
h6 15. b4 f5 16. b5 Nce7 17. Bd2 Nf6 18. Qb4 Ne4 19. Na4 b6 20. Rfc1 Rhf8 21.
Be1 g4 22. g3 h5 23. Rab1 h4 24. Rb3 hxg3 25. fxg3 Rh8 26. Nc5 bxc5 27. dxc5
Nc8 28. b6 cxb6 29. c6 Qc7 30. a4 Rh6 31. a5 Rxc6 32. Rxc6 Qxc6 33. Bc3 Ka8 34.
Qa3 b5 35. a6 Nb6 36. Bd4 Rc8 37. Rb1 Ng5 38. Kh1 Nf3 0-1

[Event "Copenhagen Chess Challenge 2011"]
[Site "Ballerup"]
[Date "2011.05.22"]
[Round "9"]
[White "Brondum, Eric"]
[Black "Andersen, Daniel"]
[Result "1-0"]
[WhiteElo "2116"]
[BlackElo "1997"]
[PlyCount "71"]
[EventDate "2011.??.??"]
[EventType "swiss"]
[EventRounds "9"]
[EventCountry "DEN"]

1. Nf3 e6 2. g3 c5 3. Bg2 Nc6 4. d3 g6 5. e4 Bg7 6. O-O Nge7 7. Nbd2 d5 8. c3
O-O 9. Qe2 d4 10. c4 e5 11. Ne1 Be6 12. h3 Qd7 13. Kh2 a6 14. f4 Nc8 15. Nb3 b6
16. f5 gxf5 17. exf5 Bxf5 18. Rxf5 Qxf5 19. Bxc6 Ra7 20. Bg2 Nd6 21. Nd2 Qe6
22. Ne4 Kh8 23. Nxd6 Qxd6 24. Bd5 f5 25. Nf3 Re7 26. Bg5 Ree8 27. Nd2 Qg6 28.
Bh4 Bh6 29. Rf1 Bg5 30. Bxg5 Qxg5 31. Nf3 Qh5 32. Nxd4 Qg6 33. Nf3 e4 34. Nh4
Qg5 35. Rf4 Re5 36. Nf3 1-0

[Event "Copenhagen Chess Challenge 2011"]
[Site "Ballerup"]
[Date "2011.05.22"]
[Round "9"]
[White "Lodahl, Holger"]
[Black "Olsen, Aage"]
[Result "0-1"]
[WhiteElo "1939"]
[BlackElo "2005"]
[PlyCount "76"]
[EventDate "2011.??.??"]
[EventType "swiss"]
[EventRounds "9"]
[EventCountry "DEN"]

1. d4 Nf6 2. c4 e5 3. dxe5 Ng4 4. Nf3 Bc5 5. e3 Nc6 6. a3 a5 7. Be2 Qe7 8. O-O
O-O 9. Nc3 Ngxe5 10. b3 d6 11. Nd4 Bd7 12. f4 Ng6 13. f5 Nh4 14. Nd5 Qe4 15.
Bf3 Nxf3+ 16. Rxf3 Bxd4 17. exd4 Qxd4+ 18. Be3 Qxd1+ 19. Rxd1 f6 20. Nxc7 Rac8
21. Nd5 Rce8 22. g4 Ne5 23. Rg3 Bc6 24. Kf2 a4 25. Nc7 Rc8 26. Ne6 Rf7 27. c5
dxc5 28. Bxc5 axb3 29. h3 Be4 30. Ke3 Bc2 31. Rdg1 b2 32. g5 Bxf5 33. gxf6 g6
34. Bd4 Nc4+ 35. Kf4 b1=Q 36. Rxb1 Bxb1 37. Kg5 Rd7 38. Kh6 Nd6 0-1

[Event "Copenhagen Chess Challenge 2011"]
[Site "Ballerup"]
[Date "2011.05.22"]
[Round "9"]
[White "Haubro, Martin"]
[Black "Borg, Flemming"]
[Result "1-0"]
[WhiteElo "2003"]
[BlackElo "1854"]
[PlyCount "79"]
[EventDate "2011.??.??"]
[EventType "swiss"]
[EventRounds "9"]
[EventCountry "DEN"]

1. e4 c6 2. d4 d5 3. Nc3 dxe4 4. Nxe4 Nf6 5. Nxf6+ gxf6 6. Bf4 Bf5 7. Ne2 e6 8.
Ng3 Bg6 9. h4 h6 10. h5 Bh7 11. Qd2 Bd6 12. O-O-O Bxf4 13. Qxf4 Ke7 14. Bd3
Bxd3 15. Rxd3 Qa5 16. Kb1 Nd7 17. Ne4 f5 18. Nd6 Qd5 19. Nxb7 Qxg2 20. Re1 Qd5
21. b3 c5 22. Nxc5 Nxc5 23. dxc5 Qxc5 24. Re5 Qa3 25. Qd2 Rad8 26. Ra5 Rxd3 27.
cxd3 Qd6 28. Rxa7+ Kf6 29. Qc3+ e5 30. Qc4 Kg5 31. Rxf7 f4 32. Qe4 Qe6 33. Rg7+
Kh4 34. f3 Kxh5 35. Qe1 Qh3 36. Qxe5+ Kh4 37. Qxf4+ Kh5 38. Qf7+ Kh4 39. Qf6+
Kh5 40. Rg5+ 1-0

[Event "Copenhagen Chess Challenge 2011"]
[Site "Ballerup"]
[Date "2011.05.22"]
[Round "9"]
[White "Schmidt, Horst Hubert"]
[Black "Langmyhr, Tore"]
[Result "1-0"]
[WhiteElo "1834"]
[BlackElo "1993"]
[PlyCount "71"]
[EventDate "2011.??.??"]
[EventType "swiss"]
[EventRounds "9"]
[EventCountry "DEN"]

1. e4 d5 2. e5 c5 3. d4 Bf5 4. c3 Nc6 5. Be3 cxd4 6. cxd4 e6 7. Nc3 Bb4 8. Rc1
Nge7 9. Nge2 O-O 10. Ng3 Bg6 11. Be2 a6 12. O-O b5 13. a4 Bxc3 14. bxc3 bxa4
15. Qxa4 Qc7 16. c4 dxc4 17. Rxc4 Rfc8 18. Rfc1 a5 19. h4 h6 20. Bf3 Ra6 21. h5
Bd3 22. R4c3 Bh7 23. Rc5 Rb6 24. Rxa5 Qd8 25. Rac5 Ra8 26. Qd1 Qd7 27. Qd2 Rab8
28. Be4 Bxe4 29. Nxe4 Nf5 30. Bxh6 Ncxd4 31. Qg5 Ne2+ 32. Kh1 Qd8 33. Nf6+ Kf8
34. Bxg7+ Nxg7 35. h6 Ne8 36. Nh7# 1-0

[Event "Copenhagen Chess Challenge 2011"]
[Site "Ballerup"]
[Date "2011.05.22"]
[Round "9"]
[White "Haagen Larsen, Hans"]
[Black "Tandrup, Michael"]
[Result "1/2-1/2"]
[WhiteElo "1745"]
[BlackElo "1963"]
[PlyCount "60"]
[EventDate "2011.??.??"]
[EventType "swiss"]
[EventRounds "9"]
[EventCountry "DEN"]

1. d4 d5 2. Nf3 e6 3. Bf4 c5 4. e3 Nf6 5. c3 Be7 6. Be2 O-O 7. h3 b6 8. Nbd2
Bb7 9. Qc2 Nbd7 10. g4 Ne4 11. h4 Ndf6 12. Ng5 Nxd2 13. Kxd2 Ne4+ 14. Ke1 Bxg5
15. hxg5 g6 16. f3 Nxg5 17. Kf2 f6 18. Rh6 Rf7 19. Rah1 Qe7 20. Bd3 Rg7 21.
Bxg5 fxg5 22. Bxg6 hxg6 23. Rxg6 Rf8 24. Rhh6 Rff7 25. Kg2 Rxg6 26. Qxg6+ Rg7
27. Qh5 Rh7 28. Rxh7 Qxh7 29. Qe8+ Kg7 30. Qe7+ Kh8 1/2-1/2

[Event "Copenhagen Chess Challenge 2011"]
[Site "Ballerup"]
[Date "2011.05.22"]
[Round "9"]
[White "Christensen, Casper"]
[Black "Petrovski, Petruli"]
[Result "0-1"]
[WhiteElo "1948"]
[BlackElo "1826"]
[PlyCount "74"]
[EventDate "2011.??.??"]
[EventType "swiss"]
[EventRounds "9"]
[EventCountry "DEN"]

1. e4 c5 2. Nf3 d6 3. d4 cxd4 4. Nxd4 Nf6 5. Nc3 a6 6. a4 e5 7. Nf3 Be7 8. Bc4
O-O 9. O-O Be6 10. Qe2 Qc7 11. Bxe6 fxe6 12. a5 Nc6 13. Qc4 Qd7 14. Rd1 Rac8
15. Qb3 Kh8 16. Be3 Ng4 17. Bb6 Nd4 18. Bxd4 exd4 19. Rxd4 Bf6 20. Rd3 Qe7 21.
Na4 Ne5 22. Nxe5 Bxe5 23. g3 Qf6 24. Rf1 Qg6 25. Nb6 Rc7 26. Re1 Rcf7 27. Re2
Qg4 28. Rdd2 Rf3 29. Re3 h5 30. Nd7 Rxf2 31. Rxf2 Qd1+ 32. Kg2 Rxf2+ 33. Kxf2
Qd2+ 34. Re2 Bd4+ 35. Kf1 Qd1+ 36. Re1 Qd2 37. Qd3 Qf2# 0-1

[Event "Copenhagen Chess Challenge 2011"]
[Site "Ballerup"]
[Date "2011.05.22"]
[Round "9"]
[White "Ootes, Lennart"]
[Black "Brekka, Hanus"]
[Result "1-0"]
[WhiteElo "2194"]
[BlackElo "2101"]
[PlyCount "40"]
[EventDate "2011.??.??"]
[EventType "swiss"]
[EventRounds "9"]
[EventCountry "DEN"]

1. e4 c5 2. Nf3 Nc6 3. d4 cxd4 4. Nxd4 Nf6 5. Nc3 e5 6. Ndb5 d6 7. Bg5 a6 8.
Na3 Be7 9. Nc4 b5 10. Bxf6 gxf6 11. Ne3 Be6 12. Bd3 Rc8 13. O-O Nb4 14. a4 Nxd3
15. Qxd3 b4 16. Ncd5 a5 17. Rac1 O-O 18. c3 bxc3 19. Rxc3 Rxc3 20. Qxc3 Kg7 1-0

[Event "Copenhagen Chess Challenge 2011"]
[Site "Ballerup"]
[Date "2011.05.22"]
[Round "9"]
[White "Haubro, Sigfred"]
[Black "Molvig, Julius"]
[Result "1-0"]
[WhiteElo "2149"]
[BlackElo "1830"]
[PlyCount "59"]
[EventDate "2011.??.??"]
[EventType "swiss"]
[EventRounds "9"]
[EventCountry "DEN"]

1. f4 d5 2. Nf3 Nf6 3. e3 g6 4. b3 Bg7 5. Bb2 O-O 6. Be2 c5 7. O-O b6 8. Qe1
Bb7 9. Qh4 Nbd7 10. d3 Re8 11. Nbd2 Qc7 12. Rae1 Rad8 13. Bd1 Nf8 14. Ne5 d4
15. e4 b5 16. Ndf3 h6 17. Bc1 c4 18. Bd2 cxd3 19. cxd3 Qd6 20. b4 Qb6 21. Bb3
e6 22. f5 g5 23. Nxg5 hxg5 24. Bxg5 N8h7 25. fxe6 Rxe6 26. Nxf7 Kxf7 27. Qxh7
Kf8 28. Bxe6 Qxe6 29. Bxf6 Bxf6 30. Qxb7 1-0

[Event "Copenhagen Chess Challenge 2011"]
[Site "Ballerup"]
[Date "2011.05.22"]
[Round "9"]
[White "Rimestad, Arild"]
[Black "Hvenekilde, Jorgen"]
[Result "1/2-1/2"]
[WhiteElo "1725"]
[BlackElo "2127"]
[PlyCount "24"]
[EventDate "2011.??.??"]
[EventType "swiss"]
[EventRounds "9"]
[EventCountry "DEN"]

1. e4 g6 2. d4 Bg7 3. Nf3 d6 4. Bc4 e6 5. Nc3 a6 6. a4 b6 7. Qe2 Ne7 8. O-O h6
9. Bf4 Nd7 10. Rfd1 Bb7 11. h3 O-O 12. Qe3 Kh7 1/2-1/2

[Event "Copenhagen Chess Challenge 2011"]
[Site "Ballerup"]
[Date "2011.05.22"]
[Round "9"]
[White "Christensen, Janus"]
[Black "Knudsen, Jes West"]
[Result "0-1"]
[WhiteElo "2148"]
[BlackElo "1939"]
[PlyCount "92"]
[EventDate "2011.??.??"]
[EventType "swiss"]
[EventRounds "9"]
[EventCountry "DEN"]

1. e4 d5 2. exd5 Nf6 3. d4 Nxd5 4. Nf3 Bg4 5. c4 Nb6 6. c5 Nd5 7. Bc4 e6 8. Qb3
Bxf3 9. gxf3 b6 10. Rg1 c6 11. Bg5 Qc7 12. Bxd5 cxd5 13. cxb6 Qxb6 14. Qxb6
axb6 15. Nc3 Nc6 16. O-O-O Bb4 17. Kb1 Kd7 18. Ne2 g6 19. h4 h5 20. Bf6 Rhc8
21. Rd3 Be7 22. Bxe7 Nxe7 23. Rb3 Rc6 24. Ng3 Ra4 25. Rd1 Rac4 26. a3 Kc7 27.
Rbd3 Kb7 28. f4 Rc7 29. R3d2 Nc8 30. Nf1 Nd6 31. Ne3 R4c6 32. f3 Nc4 33. Nxc4
Rxc4 34. Rg1 Kc8 35. Rd3 Kd7 36. Re1 Ke7 37. f5 gxf5 38. Rg1 Ra4 39. Rg5 Rcc4
40. Rxh5 Rxd4 41. Rb3 Kf6 42. Rxb6 Rd3 43. Rh8 Rxf3 44. h5 Rh4 45. h6 Rfh3 46.
Rb7 d4 0-1

[Event "Copenhagen Chess Challenge 2011"]
[Site "Ballerup"]
[Date "2011.05.22"]
[Round "9"]
[White "Salomon, Johan"]
[Black "Brorsen, Jacob Abildlund"]
[Result "1-0"]
[WhiteElo "1917"]
[BlackElo "2064"]
[PlyCount "29"]
[EventDate "2011.??.??"]
[EventType "swiss"]
[EventRounds "9"]
[EventCountry "DEN"]

1. e4 c5 2. Nf3 d6 3. d4 cxd4 4. Nxd4 Nf6 5. Nc3 a6 6. Bg5 e6 7. f4 Nbd7 8. Qf3
Qc7 9. O-O-O b5 10. Bd3 Bb7 11. Rhe1 b4 12. Nd5 Nxd5 13. exd5 Qa5 14. Nxe6 fxe6
15. Qh5+ 1-0

[Event "Copenhagen Chess Challenge 2011"]
[Site "Ballerup"]
[Date "2011.05.22"]
[Round "9"]
[White "Leosson, Atli Johann"]
[Black "Andersen, Kim Nyvang"]
[Result "0-1"]
[WhiteElo "1673"]
[BlackElo "1931"]
[PlyCount "72"]
[EventDate "2011.??.??"]
[EventType "swiss"]
[EventRounds "9"]
[EventCountry "DEN"]

1. e4 c5 2. Nf3 Nc6 3. d4 cxd4 4. Nxd4 Nf6 5. Nc3 e5 6. Nxc6 bxc6 7. Bg5 Be7 8.
Bc4 O-O 9. O-O d6 10. Qe2 Bg4 11. Qe3 Qc7 12. Qg3 Bh5 13. f4 exf4 14. Rxf4 Bg6
15. Qf3 Nh5 16. Bxe7 Qxe7 17. Rg4 Nf6 18. Rf4 Qe5 19. Rf1 Qd4+ 20. Kh1 Rae8 21.
Bd3 Re5 22. Qf2 Qxf2 23. R1xf2 Rfe8 24. h3 R8e7 25. Re2 Rg5 26. Ref2 Nh5 27.
R4f3 Rge5 28. Re2 h6 29. Kh2 Nf6 30. Rfe3 d5 31. Rg3 dxe4 32. Bc4 Bh5 33. Rf2
Nd5 34. Bxd5 cxd5 35. Nb5 e3 36. Rf1 Be2 0-1

[Event "Copenhagen Chess Challenge 2011"]
[Site "Ballerup"]
[Date "2011.05.22"]
[Round "9"]
[White "Jensen, Simon Stibolt"]
[Black "Andreasen, Rene"]
[Result "0-1"]
[WhiteElo "1748"]
[BlackElo "1847"]
[PlyCount "121"]
[EventDate "2011.??.??"]
[EventType "swiss"]
[EventRounds "9"]
[EventCountry "DEN"]

1. e4 c6 2. d4 d5 3. exd5 cxd5 4. Nf3 Bg4 5. Be2 Nc6 6. c3 e6 7. Bf4 Bd6 8. Bg3
Nf6 9. Nbd2 O-O 10. O-O Rc8 11. Rc1 a6 12. Re1 b5 13. a3 Na5 14. Bxd6 Qxd6 15.
Ne5 Bxe2 16. Qxe2 Nc4 17. Ndxc4 bxc4 18. Rc2 Rb8 19. Qe3 Rb3 20. h3 Rfb8 21.
Ree2 R8b7 22. f3 Ne8 23. f4 Nf6 24. g3 Ne4 25. Kh2 Qc7 26. Ng4 Qb8 27. Qc1 Nd6
28. h4 Kf8 29. h5 f5 30. Nf2 Qe8 31. Qe1 Qxh5+ 32. Kg2 Ne4 33. Nh3 Rf7 34. Nf2
Rf6 35. Qh1 Qxh1+ 36. Nxh1 a5 37. Re1 a4 38. Ree2 Rb7 39. Kf3 Rh6 40. Rh2 Rxh2
41. Rxh2 h6 42. Re2 Kf7 43. Nf2 Nxf2 44. Rxf2 Kf6 45. Rh2 Kg6 46. g4 Rf7 47.
Rh1 Rb7 48. Rh2 Rb8 49. Re2 fxg4+ 50. Kxg4 h5+ 51. Kh4 Kf5 52. Re5+ Kxf4 53.
Re2 g5+ 54. Kxh5 g4 55. Rxe6 Rxb2 56. Rf6+ Ke3 57. Kxg4 Rb3 58. Rd6 Rxa3 59.
Rxd5 Rxc3 60. Rf5 Kxd4 61. Kf4 0-1

[Event "Copenhagen Chess Challenge 2011"]
[Site "Ballerup"]
[Date "2011.05.22"]
[Round "9"]
[White "Andersen, Troels Baekgaard"]
[Black "Pawlak, Wojciech Zbigniew"]
[Result "0-1"]
[WhiteElo "1613"]
[BlackElo "1645"]
[PlyCount "62"]
[EventDate "2011.??.??"]
[EventType "swiss"]
[EventRounds "9"]
[EventCountry "DEN"]

1. Nf3 c6 2. d4 d5 3. e3 Nf6 4. c4 e6 5. Nc3 Nbd7 6. cxd5 Nxd5 7. Bd3 Nb4 8.
Be2 Be7 9. O-O O-O 10. a3 Nd5 11. Qc2 Qc7 12. Bd3 N5f6 13. Re1 e5 14. d5 cxd5
15. e4 d4 16. Nd5 Nxd5 17. exd5 Qxc2 18. Bxc2 Bd6 19. b4 f6 20. Bb2 Nb6 21. h3
Bd7 22. Bb3 Rac8 23. Rac1 Bb5 24. Nd2 Rfd8 25. g3 Ba4 26. Ba2 Rc2 27. Rxc2 Bxc2
28. Rc1 d3 29. Nc4 Nxc4 30. Bxc4 d2 31. Rf1 d1=Q 0-1